书目信息 |
| 题名: |
例解回归分析
|
|
| 作者: | 查特吉 , 哈迪 著 ;郑忠国 , 许静 译 | |
| 分册: | ||
| 出版信息: | 北京 机械工业出版社 2013.08 |
|
| 页数: | 10,296页 | |
| 开本: | 24cm | |
| 丛书名: | ||
| 单 册: | ||
| 中图分类: | O212.1 | |
| 科图分类: | ||
| 主题词: | 回归分析 | |
| 电子资源: | ||
| ISBN: | 978-7-111-43156-5 | |
| 000 | 01199nam0 2200337 450 | |
| 001 | 0100140665 | |
| 005 | 20141020221456.0 | |
| 010 | @a978-7-111-43156-5@dCNY69.00 | |
| 100 | @a20130924d2013 em y0chiy50 ea | |
| 101 | 1 | @achi@ceng |
| 101 | 11 | @achi |
| 102 | @aCN@b110000 | |
| 105 | @ay z 001yy | |
| 106 | @ar | |
| 200 | 1 | @a例解回归分析@Ali jie hui gui fen xi@b专著@dRegression analysis by example@f查特吉,哈迪著@Fcha te ji ha di zhu@g郑忠国,许静译@Gzheng zhong guo xu jing yi@zeng |
| 210 | @a北京@c机械工业出版社@d2013.08 | |
| 215 | @a10,296页@d24cm | |
| 300 | @a统计学精品译丛 | |
| 305 | @a据原书第5版译出 约翰-威利父子公司授权出版 | |
| 330 | @a本书在探索性数据分析的思想和原则指导下组织材料,包括简单线性回归、多元线性回归、回归诊断、定性预测变量、变量变换、共线性数据分析和逻辑斯谛回归等13章内容。 | |
| 510 | 1 | @aRegression analysis by example |
| 540 | @a例解回归分析 | |
| 606 | 0 | @a回归分析 |
| 690 | @aO212.1@v5 | |
| 701 | 0 | @a查特吉@Acha te ji@4著 |
| 701 | 1 | @a哈迪@Aha di@4著 |
| 702 | 0 | @a郑忠国@Azheng zhong guo@9zheng zhong guo@f(1938~)@4译 |
| 702 | 0 | @a许静@Axu jing@4译 |
| 801 | @aCN | |
| 901 | @a001 | |
| 905 | @b1103770-2@dO212.1@eC191@f3@a241430 | |
| 例解回归分析=Regression analysis by example/查特吉,哈迪著/郑忠国,许静译.-北京:机械工业出版社,2013.08 |
| 10,296页;24cm |
| 统计学精品译丛 |
| ISBN 978-7-111-43156-5:CNY69.00 |
| 本书在探索性数据分析的思想和原则指导下组织材料,包括简单线性回归、多元线性回归、回归诊断、定性预测变量、变量变换、共线性数据分析和逻辑斯谛回归等13章内容。 |
| ● |
| 相关链接 |
|
|
|
正题名:例解回归分析
索取号:O212.1/C191
 
预约/预借
| 序号 | 登录号 | 条形码 | 馆藏地/架位号 | 状态 | 备注 |
| 1 | 1103770 | 211037705 | 自科库401/401自科库 77排1列5层/ [索取号:O212.1/C191] | 在馆 | |
| 2 | 1103771 | 211037714 | 自科库401/401自科库 77排1列5层/ [索取号:O212.1/C191] | 在馆 | |
| 3 | 1103772 | 211037723 | 自科库401/401自科库 77排1列5层/ [索取号:O212.1/C191] | 在馆 |